| Registos Bibliográficos associados ao registo de autoridade |
|
Etiqueta de registo: 00254nam 2200025 450 001 2288718 003 http://id.bnportugal.gov.pt/bib/catbnp/2288718 100 ## $a20260624d2024 m y0pory01030103ba 101 0# $aeng$apor 102 ## $aGB$aPT 105 ## $ay z 000yy 106 ## $ar 200 1# $aMovement, behaviour and microclimats habitat requirement of endangered grassland birds
in a warming world$fRita Alexandra Fineza Ramos$gorient. João Paulo Campbell Alves da Silva, Aldina Maria Antunes Franco, Nuno Miguel
Cabral Queiroz 210 #9 $a[Norwich$c[s.n.],$d2024 215 ## $a192 p.$d30 cm 328 #1 $aTese doutoramento em Biodiversidade, Genética e Evolução, University of East Aglia,
Universidade do Porto, Faculdade de Ciências, 2024 700 #1 $aRamos,$bRita Alexandra Fineza$32001586 702 #1 $aSilva,$bJoão Paulo Campbell Alves da,$f1968-$4727$31264127 702 #1 $aFranco,$bAldina Maria Antunes$4727$3787303 702 #1 $aQueiroz,$bNuno Miguel Cabral$4727$31244386 801 #0 $aPT$bBN$gRPC 966 ## $lBN$mFGMON$x1 971 ## $cjbeatriz$d20260624
|
|
|